Computational methods for partial differential equations (Record no. 2175)

MARC details
000 -LEADER
fixed length control field 00501 a2200181 4500
001 - CONTROL NUMBER
control field 068517
003 - CONTROL NUMBER IDENTIFIER
control field OSt
005 - DATE AND TIME OF LATEST TRANSACTION
control field 20220218144702.0
008 - FIXED-LENGTH DATA ELEMENTS--GENERAL INFORMATION
fixed length control field
082 ## - DEWEY DECIMAL CLASSIFICATION NUMBER
Classification number 517.38
Item number J19C
100 1# - MAIN ENTRY--PERSONAL NAME
Personal name Jain, M.K.
110 ## - MAIN ENTRY--CORPORATE NAME
Corporate name or jurisdiction name as entry element Ivengar, S.R.K.
245 1# - TITLE STATEMENT
Title Computational methods for partial differential equations
Statement of responsibility, etc by K.M. Jain
260 ## - PUBLICATION, DISTRIBUTION, ETC. (IMPRINT)
Place of publication, distribution, etc New Delhi
Name of publisher, distributor, etc New Age
Date of publication, distribution, etc 2007
300 ## - PHYSICAL DESCRIPTION
Extent 244p.
653 ## - INDEX TERM--UNCONTROLLED
Uncontrolled term Differential equations, Partial--Numerical solutions
942 ## - ADDED ENTRY ELEMENTS (KOHA)
Source of classification or shelving scheme Dewey Decimal Classification
Koha item type Books
Holdings
Withdrawn status Lost status Damaged status Not for loan Collection code Home library Current library Date acquired Source of acquisition Cost, normal purchase price Total Checkouts Full call number Barcode Date last seen Price effective from Koha item type
        General Text Book Central University Of Rajasthan Central University Of Rajasthan 07/03/2012 MTH 175.00   517.38 J19C 2805 21/11/2024 02/09/2020 Books
        General Text Book Central University Of Rajasthan Central University Of Rajasthan 07/03/2012 MTH 175.00   517.38 J19C 2804 21/11/2024 02/09/2020 Books